00390nam a22001337a 4500008004100000040005500041080001700096100001600113245003800129260003700167300001000204650001200214653003000226230317b |||||||| |||| 00| 0 eng d aNational Science LibrarycNational Science Library aD 621.3 bL3 aBessonov, L aApplied electricity for engineers aMoscow: bMIR Publishers, c1973 a792p. aScience aElectricity for engineers